LEADER 01224nam a2200265 u 4500 001 000000105588 003 CaOOAMICUS 005 20070612133133.0 008 070612s2004 enk u000 u eng r 020 $a0-85111-885-2 040 $aPUL$bita$dLDB 130 0 $aBiblia.$pN.T.$pIacobi epistola.$lInglese.$0(OLS)http://pul/title/158626 245 14$aThe letter of James :$ban introduction and commentary /$cby Douglas J. Moo. 260 $aLeicester :$bInter-Varsity Press,$c1985$g2004 300 $a191 p. ;$c20 cm 490 1 $aTyndale New Testament commentaries ;$v16 630 04$aBiblia.$pN.T.$pIacobi epistola$xCommenti.$0(OLS)http://pul/subject/37540 700 1 $aMoo, Douglas J.$0(OLS)http://pul/name/64831 830 0$aTyndale New Testament commentaries ;$v16.$0(OLS)http://pul/title/132868 850 $aPUL 852 $aPUL$W1$xSL Religione 3$y85$m225 COLL 1.16$j118324$qDDC 21$B118225$CPULBib$Z2$F118225 $H102151 $82 941 1 $a9 996 $6020$a0-85111-885-2$9(OLS)http://pul/number/134784 996 $6245$aThe letter of James :$ban introduction and commentary$9(OLS)http://pul/title/132896 996 $6260$aLeicester :$bInter-Varsity Press$9(OLS)http://pul/publisher/61357 LEADER 00994nam a2200253 a 4500 001 000000141720 003 CaOOAMICUS 005 20150210132053.0 008 150210s1944 it u000 u ita r 040 $aPUL$bita 100 1 $aParini, Giuseppe,$d1729-1799.$0(OLS)http://pul/name/37925 245 13$aIl giorno /$cGiuseppe Parini ; a cura di Giulio Dolci. 260 $aTorino :$bUTET,$c1944. 300 $aXXXVI, 169 p. ;$c18 cm 490 1 $aCollezione di classici italiani con note ;$v37 700 1 $aDolci, Giulio.$0(OLS)http://pul/name/81111 830 0$aCollezione di classici italiani con note ;$v37.$0(OLS)http://pul/title/7063 850 $aPUL 852 $aPUL$W1$xDP1 Fondo Capitani$y116$m9 A 74$j120881$qFondi$B163548$CPULBib$Z2$F163548 $HCap1327 $82 941 1 $a1 961 $aNota ms. di possesso: Capitani. 996 $6245$aIl giorno$9(OLS)http://pul/title/73209 996 $6260$aTorino :$bUTET$9(OLS)http://pul/publisher/48088